Silk roads, China Ships (Record no. 10086)
[ view plain ]
| 000 -CABECERA | |
|---|---|
| campo de control de longitud fija | 01442nam a2200337 a 4500 |
| 001 - NÚMERO DE CONTROL | |
| campo de control | BRL_1274 |
| 005 - FECHA Y HORA DE LA ÚLTIMA TRANSACCIÓN | |
| campo de control | 20190320211125.0 |
| 008 - DATOS DE LONGITUD FIJA--INFORMACIÓN GENERAL | |
| campo de control de longitud fija | 171213t1983----cn-aob####---#000-0#eng-# |
| 020 ## - NÚMERO INTERNACIONAL ESTÁNDAR DEL LIBRO | |
| Número Internacional Estándar del Libro | 0888543018 |
| 041 ## - CÓDIGO DE LENGUA | |
| Código de lengua del texto/banda sonora o título independiente | eng |
| 044 ## - CÓDIGO DEL PAÍS DE LA ENTIDAD EDITORA/PRODUCTORA | |
| Código MARC del país | cn |
| 050 #4 - SIGNATURA TOPOGRÁFICA DE LA BIBLIOTECA DEL CONGRESO | |
| Número de clasificación | HF3752 |
| Número de documento/Ítem | .V65 1983 |
| 100 1# - ENTRADA PRINCIPAL--NOMBRE DE PERSONA | |
| Nombre de persona | Vollmer, John E. |
| Fechas asociadas al nombre | 1945- |
| 9 (RLIN) | 26342 |
| 245 10 - MENCIÓN DE TÍTULO | |
| Título | Silk roads, China Ships |
| Mención de responsabilidad, etc. | John E. Vollmer, E. J. Keall [and] E. Nagai-Berthrong. |
| 260 ## - PUBLICACIÓN, DISTRIBUCIÓN, ETC. | |
| Lugar de publicación, distribución, etc. | Toronto, Ontario |
| Nombre del editor, distribuidor, etc. | Royal Ontario Museum |
| Fecha de publicación, distribución, etc. | 1983 |
| 300 ## - DESCRIPCIÓN FÍSICA | |
| Extensión | xvi, 240 p. |
| Otras características físicas | il., mapas, fotografías |
| Dimensiones | 26 cm. |
| 500 ## - NOTA GENERAL | |
| Nota general | Au1657 |
| 500 ## - NOTA GENERAL | |
| Nota general | An exhibition of East-West Trade. Skil Roads, China Ships Will be on view at the Royal Ontario Museum, Toronto, from 10 september 1983 to 8 January 1984 |
| 504 ## - NOTA DE BIBLIOGRAFÍA, ETC. | |
| Nota de bibliografía, etc. | Bibliografía: p. 175. |
| 650 14 - PUNTO DE ACCESO ADICIONAL DE MATERIA--TÉRMINO DE MATERIA | |
| Término de materia o nombre geográfico como elemento de entrada | Manufacturas |
| Subdivisión de forma | Exposiciones |
| Subdivisión general | Influencias extranjeras -Historia |
| Subdivisión geográfica | Asia |
| 9 (RLIN) | 26343 |
| 650 14 - PUNTO DE ACCESO ADICIONAL DE MATERIA--TÉRMINO DE MATERIA | |
| Término de materia o nombre geográfico como elemento de entrada | Manufacturas |
| Subdivisión de forma | Exposiciones |
| Subdivisión general | Influencias extranjeras -Historia |
| Subdivisión geográfica | Europa |
| 9 (RLIN) | 26344 |
| 650 14 - PUNTO DE ACCESO ADICIONAL DE MATERIA--TÉRMINO DE MATERIA | |
| Término de materia o nombre geográfico como elemento de entrada | Arte decorativo |
| Subdivisión de forma | Exposiciones |
| Subdivisión geográfica | Europa |
| 9 (RLIN) | 26345 |
| 650 14 - PUNTO DE ACCESO ADICIONAL DE MATERIA--TÉRMINO DE MATERIA | |
| Término de materia o nombre geográfico como elemento de entrada | Arte decorativo |
| Subdivisión de forma | Exposiciones |
| Subdivisión geográfica | Asia |
| 9 (RLIN) | 26346 |
| 651 #4 - PUNTO DE ACCESO ADICIONAL DE MATERIA--NOMBRE GEOGRÁFICO | |
| Nombre geográfico | Asia |
| Subdivisión de forma | Exposiciones |
| Subdivisión general | Comercio - Influencias extranjeras -Historia |
| 9 (RLIN) | 26347 |
| 651 #4 - PUNTO DE ACCESO ADICIONAL DE MATERIA--NOMBRE GEOGRÁFICO | |
| Nombre geográfico | Europa |
| Subdivisión de forma | Exposiciones |
| Subdivisión general | Comercio - Influencias extranjeras -Historia |
| 9 (RLIN) | 26348 |
| 700 1# - PUNTO DE ACCESO ADICIONAL--NOMBRE DE PERSONA | |
| Nombre de persona | Keall, E. J. |
| Fechas asociadas al nombre | 1939- |
| Forma completa/desarrollada del nombre | (Edward John) |
| 9 (RLIN) | 26349 |
| 700 1# - PUNTO DE ACCESO ADICIONAL--NOMBRE DE PERSONA | |
| Nombre de persona | Nagai-Berthrong, E. |
| Fechas asociadas al nombre | 1946- |
| Forma completa/desarrollada del nombre | (Evelyn) |
| 9 (RLIN) | 26350 |
| 710 2# - PUNTO DE ACCESO ADICIONAL--NOMBRE DE ENTIDAD CORPORATIVA | |
| Nombre de entidad corporativa o nombre de jurisdicción como elemento de entrada | Royal Ontario Museum |
| 9 (RLIN) | 26351 |
| 902 ## - CATALOGADOR | |
| Iniciales | GRL |
| 942 ## - ELEMENTOS DE PUNTO DE ACCESO ADICIONAL (KOHA) | |
| Fuente del sistema de clasificación o colocación | Library of Congress Classification |
| Tipo de ítem Koha | Libros |
| Estado de retiro | Estado de pérdida | Estado dañado | No para préstamo | Localización permanente | Ubicación/localización actual | Fecha de adquisición | Número de inventario | Total de préstamos | Signatura topográfica completa | Código de barras | Fecha visto por última vez | Precio válido a partir de | Tipo de ítem Koha |
|---|---|---|---|---|---|---|---|---|---|---|---|---|---|
| El ejemplar forma parte de la colección y puede ser consultado según las políticas vigentes. | Biblioteca Centro de Estudios Ruth D. Lechuga | Biblioteca Centro de Estudios Ruth D. Lechuga | 17/12/2013 | Au1657 | HF3752 .V65 1983 (Au1657) | GRL01411 | 22/03/2019 | 22/03/2019 | Libros |